Catálogo de la biodiversidad para las regiones andina, pacífica y piedemonte amazónico. (Registro nro. 18948)

Detalles MARC
000 -CABECERA
Campo de control 02109nam a2200397 a 4500
005 - FECHA Y HORA DE LA ULTIMA TRANSACCION
Campo de control 20200104041749.0
008 - ELEMENTOS DE LONGITUD FIJA—INFORMACION GENERAL
Campo de control 151109b2015 ck abdofr||||f00| 0 spa d
020 ## - ISBN
ISBN 9789588889658 (impreso)
020 ## - ISBN
ISBN 9789588889665 (digital)
040 ## - FUENTE DE CATALOGACIÓN
Agencia catalogadora original CO-BoIAVH
Agencia transcriptora CO-BoIAVH
041 0# - IDIOMA
Código de idioma para texto/pista de sonido o título separado Español
044 ## - PAÍS DE PUBLICACIÓN
País de publicación Colombia
082 04 - NUMERO DE CLASIFICACION DECIMAL DEWEY
Número de clasificación 578.098613
Número del ítem C36b
245 10 - MENCION DE TITULO
Título Catálogo de la biodiversidad para las regiones andina, pacífica y piedemonte amazónico.
Parte restante del título Nivel regional. Volumen 2 Tomo 1 /
Mención de responsabilidad editado por Marcela Portocarrero-Aya, Germán Corzo y María Elfi Chaves.
250 ## - MENCION DE EDICION
Mención de edición Primera edición
260 ## - PUBLICACION, DISTRIBUCION, ETC. (PIE DE IMPRENTA)
Lugar de publicación, distribución, etc. Bogotá, Colombia :
Nombre del editor, distribuidor, etc. Instituto de Investigación de Recursos Biológicos Alexander von Humboldt :
-- Ecopetrol,
Fecha de publicación, distribución, etc. 2015.
300 ## - DESCRIPCION FISICA
Extensión 175 páginas :
Otros detalles físicos ilustraciones, mapas, tablas y fotografías a color ;
Dimensiones 28 x 22 cm. +
Material acompañante 1 mapa
490 0# - MENCION DE SERIE
Mención de serie Serie planeación ambiental para la conservación de la biodiversidad en las áreas operativas de Ecopetrol
504 ## - NOTA DE BIBLIOGRAFIA, ETC.
Nota de bibliografía Incluye referencias bibliográficas: páginas 140-149.
505 0# - NOTA DE CONTENIDO
Nota de contenido Parte 1: Análisis territorial.<br/>Parte 2: Contexto Regional.<br/>
505 2# - NOTA DE CONTENIDO
Nota de contenido Incluye anexo mapa de susceptibilidad ambiental, área de influencia de Ecopetrol S.A.para las regiones andes, pacífico y piedemonte amazónico.
650 26 - ASIENTO SECUNDARIO DE MATERIA - TERMINO TEMATICO
Término temático o nombre geográfico como elemento de entrada Biodiversidad
Subdivisión geográfica Andina (Región, Colombia)
9 (RLIN) 74023
650 26 - ASIENTO SECUNDARIO DE MATERIA - TERMINO TEMATICO
Término temático o nombre geográfico como elemento de entrada Biodiversidad
Subdivisión geográfica Pacífica (Región, Colombia)
9 (RLIN) 74024
650 26 - ASIENTO SECUNDARIO DE MATERIA - TERMINO TEMATICO
Término temático o nombre geográfico como elemento de entrada Biodiversidad
Subdivisión geográfica Piedemonte amazónico (Región, Colombia)
9 (RLIN) 74025
650 26 - ASIENTO SECUNDARIO DE MATERIA - TERMINO TEMATICO
Término temático o nombre geográfico como elemento de entrada Biodiversidad
Subdivisión de forma Catálogo
Subdivisión geográfica Andina (Región, Colombia)
9 (RLIN) 74026
650 26 - ASIENTO SECUNDARIO DE MATERIA - TERMINO TEMATICO
Término temático o nombre geográfico como elemento de entrada Biodiversidad
Subdivisión de forma Catálogo
Subdivisión geográfica Pacífica (Región, Colombia)
9 (RLIN) 74027
650 26 - ASIENTO SECUNDARIO DE MATERIA - TERMINO TEMATICO
Término temático o nombre geográfico como elemento de entrada Biodiversidad
Subdivisión de forma Catálogo
Subdivisión geográfica Piedemonte amazónico (Región, Colombia)
9 (RLIN) 74028
650 26 - ASIENTO SECUNDARIO DE MATERIA - TERMINO TEMATICO
Término temático o nombre geográfico como elemento de entrada Biodiversidad
Subdivisión general conservación
9 (RLIN) 74029
650 26 - ASIENTO SECUNDARIO DE MATERIA - TERMINO TEMATICO
Término temático o nombre geográfico como elemento de entrada Flora
9 (RLIN) 92293
650 26 - ASIENTO SECUNDARIO DE MATERIA - TERMINO TEMATICO
Término temático o nombre geográfico como elemento de entrada Fauna
9 (RLIN) 92594
700 1# - ASIENTO SECUNDARIO - NOMBRE PERSONAL
Nombre personal Porotocarrero-Aya, Marcela
Término de relación editora
9 (RLIN) 41250
700 1# - ASIENTO SECUNDARIO - NOMBRE PERSONAL
Nombre personal Corzo, Germán
Término de relación editor
9 (RLIN) 74032
700 1# - ASIENTO SECUNDARIO - NOMBRE PERSONAL
Nombre personal Chaves, María Elfi
Término de relación editora
9 (RLIN) 341
710 2# - ASIENTO SECUNDARIO - NOMBRE CORPORATIVO
Nombre corporativo o de jurisdicción como elemento de entrada Instituto de Investigación de Recursos Biológicos Alexander von Humboldt
9 (RLIN) 204
942 ## - ELEMENTOS ADICIONALES (KOHA)
Sistema de clasificación Dewey Decimal Classification
Tipo de ítem Libro
Koha issues (borrowed), all copies 2
Existencias
Withdrawn status Lost status Sistema de Clasificación Damaged status No para préstamo Colección Inventariado Ubicación Permanente Ubicación actual Fecha de adquisición Fuente de Valor Valor Total Checkouts Número topográfico Inventario / Código de Barras Date last seen Date checked out Ejemplar Price effective from Forma de adquisición Tipo de material Public note
    Dewey Decimal Classification     Humboldt Inventariado 2017 Bogotá Bogotá 08/08/2016 Instituto 39000.00 2 IAVH-578.098613 C36b 040572 30/06/2017 30/06/2017 T. 1 Ej. 1 08/08/2016 Institucional Libro Incluye anexo mapa de susceptibilidad ambiental (CID-040573).
    Dewey Decimal Classification     Humboldt   Bogotá Bogotá 27/12/2017 Donación Viviana Guzmán     IAVH-578.098613 C36b 043169 27/12/2017   T. 1 Ej. 4 27/12/2017 Donación Libro No incluye CD. incluye mapas
    Dewey Decimal Classification     Humboldt Inventariado 2017 Sala Fabio Quevedo Sala Fabio Quevedo 08/08/2016 Instituto 39000.00   IAVH-578.098613 C36b 040574 08/08/2016   T. 1 Ej. 2 08/08/2016 Institucional Libro Incluye anexo mapa de susceptibilidad ambiental (CID-040575).
    Dewey Decimal Classification     Humboldt Inventariado 2017 Villa de Leyva Villa de Leyva 30/08/2017 Instituto 39000.00   IAVH-578.098613 C36b 042819 30/08/2017   T. 1 Ej. 3 30/08/2017 Institucional Libro